Visualizzazione normale
Vista MARC
- Anfossi G., Nicolli S., Bonetti R., Lafranconi D
di Personal Name
Records bibliografici associati: 1
001 - CONTROL NUMBER
- control field: 60715
003 - CONTROL NUMBER IDENTIFIER
- control field:
005 - DATE AND TIME OF LATEST TRANSACTION
- control field: 20240515153952.0
008 - FIXED-LENGTH DATA ELEMENTS
- fixed length control field: 240515|| aca||aabn | a|a d
040 ## - CATALOGING SOURCE
- Original cataloging agency:
- Transcribing agency:
100 ## - HEADING--PERSONAL NAME
- Personal name: Anfossi G., Nicolli S., Bonetti R., Lafranconi D
670 ## - SOURCE DATA FOUND
- Source citation: Work cat.: ()210529: Nicolli Sergio, Bonetti Renzo (a cura di) 60714, La famiglia protagonista dell'azione pastorale in parrocchia., 2008